00309nam a22001217a 4500003000500000020002400005038001100029082001500040100002200055245005600077260004100133300001300174NUST a9789879898345qH/B. awaseem a333.7bZEC aZecchin, Gigliola aArgentina, una intensa travesia /cGigliola Zecchin aBuenos Aires :bLaboratirios,c2012. a200 p. ;